[Event "Mecklenburg VP LL2 West 1213"]
[Site "Mecklenburg VP"]
[Date "2012.11.25"]
[Round "3.8"]
[White "Quang, Luu Vinh"]
[Black "Frost, Jakob"]
[Result "1/2-1/2"]
[WhiteElo "1321"]
[BlackElo "1273"]
[PlyCount "39"]
[EventDate "2012.10.14"]
[EventType "team-tourn"]
[EventRounds "9"]
[EventCountry "GER"]
[SourceTitle "EXT 2022"]
[Source "ChessBase"]
[SourceDate "2021.10.06"]
[SourceVersion "1"]
[SourceVersionDate "2021.10.06"]
[SourceQuality "1"]
[WhiteTeam "Wismar ASV Gruen-Weiss II"]
[BlackTeam "Schwerin SF IV"]
[WhiteTeamCountry "GER"]
[BlackTeamCountry "GER"]

1. Nf3 Nf6 2. g3 d5 3. c4 dxc4 4. Qa4+ Bd7 5. Qxc4 Nc6 6. Bg2 e6 7. Qb3 Rb8 8. Nc3 a6 9. d4 Be7 10. 0-0 0-0 11. e4 b5 12. e5 Na5 13. Qd1 Nd5 14. Nxd5 exd5 15. Bd2 Nc4 16. b3 Nxd2 17. Qxd2 c6 18. Rac1 Rc8 19. Ne1 h6 20. Nd3 1/2-1/2